Nové trendy v marketingu a ich uplatnenie v praxi diplomová práca

Salvato in:
Dettagli Bibliografici
Autore principale: Antušová, Lucia
Ente Autore: Podnikovohospodárska fakulta EU so sídlom v Košiciach. Katedra obchodného podnikania
Altri autori: Naščáková, Jana
Natura: Libro
Lingua:slovacco
Pubblicazione: Košice 2015
Tags: Aggiungi Tag
Nessun Tag, puoi essere il primo ad aggiungerne!!

MARC

LEADER 00000nbm a2200000 4500
001 0202098
005 20161212094317.6
041 0 |a slo 
044 |a SK 
245 1 0 |a Nové trendy v marketingu a ich uplatnenie v praxi  |b diplomová práca  |c Lucia Antušová ; školiteľ: Jana Naščáková 
264 1 |a Košice  |c 2015 
300 |a 67 s. 
100 1 |a Antušová, Lucia 
700 1 |a Naščáková, Jana 
710 2 |a Podnikovohospodárska fakulta EU so sídlom v Košiciach. Katedra obchodného podnikania